| 000 | 00401 a2200145 4500 | ||
|---|---|---|---|
| 020 | _a 969747055X | ||
| 040 | _aDLC | ||
| 082 | _a297.122 | ||
| 100 | _aSiddiqi, Muhammad Mian | ||
| 245 |
_a Quran Majeed ka Arabi Urdu lughat _cMuhammad Mian Siddiqi |
||
| 260 |
_aIslamabad: _bMuqtadara Qumi Zuban, _c1995. |
||
| 300 |
_a656 p. ; _c24 cm. |
||
| 650 | _aQuran--Dictionaries | ||
| 942 |
_cBK _k297.122 SID _2ddc |
||
| 999 |
_c8502 _d8502 |
||